| 000 | 01048nam a2200253 i 4500 | ||
|---|---|---|---|
| 001 | 19057 | ||
| 003 | ES-MaACL | ||
| 005 | 20250507063016.0 | ||
| 007 | t| | ||
| 008 | 020530s1990 sp |||| | spa d | ||
| 020 | _a84-453-0151-9 | ||
| 080 | _a353.9(4-672 CE) | ||
| 100 | 1 |
_aFraga Iribarne, Manuel, _d1922-2012 _9193721 |
|
| 245 | 1 | 0 |
_aGalicia en España y en Europa _b: reflexiones sobre el papel de las autonomías en el Estado y en la Comunidad Europea / _cManuel Fraga Iribarne. |
| 260 |
_a[Santiago de Compostela] : _bXunta de Galicia, _c[1990] |
||
| 300 |
_a33 p. ; _c24 cm. |
||
| 490 | 1 | _aTextos de la Presidencia de la Xunta de Galicia | |
| 650 | 1 | 4 |
_aRelaciones administración central-administraciones regionales- _zEspaña. _9168598 |
| 650 | 4 |
_aRelaciones administración central-administraciones regionales- _zPaíses de la Unión Europea. _9164017 |
|
| 710 | 1 |
_aGalicia. _bJunta. _94460 |
|
| 830 | 0 |
_aTextos de la Presidencia de la Xunta de Galicia _9180543 |
|
| 852 |
_aES-MaACL _j2166-F-6 |
||
| 999 |
_c19057 _d19057 |
||